000 00846nam a22002177a 4500
005 20240530110601.0
008 160204s2009 ua ao g 000 0 ara d
017 _a2009/7867
_bمصر . دار الكتب المصرية
020 _a9789774791457
040 _aEG-CaGPL
082 0 4 _221
_a709.2/
_bإ ج
100 0 _aايناس حسنى
245 1 0 _aجماعة الفن المعاصر :
_bثروة باقية من الفن الجميل /
_cايناس حسنى
250 _aط1
260 _aالقاهرة :
_bوزارة الثقافة : العلاقات الثقافية الخارجية ،
_c2009 .
300 _a230 + 227 ص :
_bصور ؛
_c24 سم .
490 _aسلسلة كتب بريزم للفن
650 0 4 _aالفنانون المصريون
_vتراجم
942 _2ddc
_cBK
999 _c62671
_d62671